000 00786nam a2200265Ia 4500
001 22080
005 20260320113340.0
008 260320s9999||||xx |||||||||||||| ||und||
022 _a1888640X
041 _aESP
082 _aHR 200 N° 18 2025
_bSC
100 _a
_e
110 _aDiócesis de Córdoba
245 0 _aStudia cordubensia :
_brevista de teología y ciencias religiosas de los centros académicos de la Diócesis de Córdoba
246 _a
_5
_b
260 _aCórdoba :
_bFundación San Eulogio,
_c2025
300 _a441 páginas :
_b
_c24 cm.
_e
440 _a
_n
_v
650 _aREL
653 _aReligión - Revista
654 _aCHU
700 _a
_c
856 _uhttps://dialnet.unirioja.es/ejemplar/717925
_zVersión digital
942 _cREV
_dJUS
_fMAT
_2ddc
_n
999 _c22080
_d22080